Solving problems in technical writing (Record no. 13777)

000 -LEADER
fixed length control field 00981pam a2200277 a 4500
001 - CONTROL NUMBER
control field 1950855
005 - DATE AND TIME OF LATEST TRANSACTION
control field 20170105102428.0
008 - FIXED-LENGTH DATA ELEMENTS--GENERAL INFORMATION
fixed length control field 871009s1988 nyu b 001 0 eng
010 ## - LIBRARY OF CONGRESS CONTROL NUMBER
LC control number 87030439
020 ## - INTERNATIONAL STANDARD BOOK NUMBER
International Standard Book Number 0195053303 (alk. paper)
020 ## - INTERNATIONAL STANDARD BOOK NUMBER
International Standard Book Number 0195053311 (pbk. : alk. paper)
040 ## - CATALOGING SOURCE
Original cataloging agency DLC
Transcribing agency DLC
Modifying agency DLC
050 00 - LIBRARY OF CONGRESS CALL NUMBER
Classification number PE1475
Item number .S75 1988
082 00 - DEWEY DECIMAL CLASSIFICATION NUMBER
Classification number 808.066607 BEE
Edition number 19
245 00 - TITLE STATEMENT
Title Solving problems in technical writing
Statement of responsibility, etc. edited by Lynn Beene and Peter White.
260 ## - PUBLICATION, DISTRIBUTION, ETC.
Place of publication, distribution, etc. New York :
Name of publisher, distributor, etc. Oxford University Press,
Date of publication, distribution, etc. 1988.
300 ## - PHYSICAL DESCRIPTION
Extent viii, 241 p. ;
Dimensions 24 cm.
504 ## - BIBLIOGRAPHY, ETC. NOTE
Bibliography, etc. note Includes bibliographies and index.
650 #0 - SUBJECT ADDED ENTRY--TOPICAL TERM
Topical term or geographic name entry element English language
General subdivision Rhetoric
-- Study and teaching.
650 #0 - SUBJECT ADDED ENTRY--TOPICAL TERM
Topical term or geographic name entry element Technical writing
General subdivision Study and teaching.
700 1# - ADDED ENTRY--PERSONAL NAME
Personal name Beene, Lynn.
700 1# - ADDED ENTRY--PERSONAL NAME
Personal name White, Peter,
Dates associated with a name 1947-
856 42 - ELECTRONIC LOCATION AND ACCESS
Materials specified Publisher description
Uniform Resource Identifier <a href="http://www.loc.gov/catdir/enhancements/fy0638/87030439-d.html">http://www.loc.gov/catdir/enhancements/fy0638/87030439-d.html</a>
906 ## - LOCAL DATA ELEMENT F, LDF (RLIN)
a 7
b cbc
c orignew
d 1
e ocip
f 19
g y-gencatlg
942 ## - ADDED ENTRY ELEMENTS (KOHA)
Source of classification or shelving scheme
Koha item type Book
Holdings
Withdrawn status Lost status Damaged status Not for loan Collection code Permanent Location Current Location Shelving location Date acquired Source of acquisition Cost, normal purchase price Total Checkouts Total Renewals Full call number Barcode Date last seen Date last checked out Price effective from Koha item type
          Central Library (CL) Central Library (CL) General Stacks 11/09/2016 Grace Book 6561.23 2 1 808.066607 BEE SEECS013562 01/22/2025 02/25/2021 11/09/2016 Book
© 2023 Central Library, National University of Sciences and Technology. All Rights Reserved.